[Event "DVM U14 2019"]
[Site "Magdeburg GER"]
[Date "2019.12.28"]
[Round "3"]
[White "Walders, Marc"]
[Black "Kling, Simon"]
[Result "1-0"]
[Termination "normal"]
[Board "6.4"]
[WhiteElo "1819"]
[BlackElo "1136"]
[WhiteTeam "SC Erlangen 48/88"]
[BlackTeam "SC Untergrombach 46"]
[PlyCount "143"]
[WhiteFideId "16291905"]
[BlackFideId "16282655"]
[EventCountry "GER"]
[EventRounds "7"]
[EventType "team-swiss"]
[EventDate "2019.12.26"]

1. d4 d5 2. c4 Nf6 3. cxd5 Nxd5 4. e4 Nf6 5. Nc3 Nc6 6. Nf3 Bg4 7. d5 Nb8 8.
Bg5 a6 9. Qa4+ Nbd7 10. Nd2 e6 11. e5 b5 12. Qf4 h6 13. Bxf6 gxf6 14. Qxg4 Nxe5
15. Qg3 exd5 16. Nf3 Ng6 17. Bd3 Ne7 18. O-O Rg8 19. Qf4 Nc6 20. Rfe1+ Be7 21.
Qxf6 Qd7 22. Bf5 Qd6 23. Qxd6 cxd6 24. Nxd5 Kd8 25. Nxe7 Nxe7 26. Bh3 Ng6 27.
g3 h5 28. Kf1 Kc7 29. Rac1+ Kb6 30. Bf5 d5 31. Bxg6 fxg6 32. Re6+ Ka5 33. a3
Ka4 34. Nd4 b4 35. Rb6 Rgb8 36. Rxb4+ Rxb4 37. axb4 Kxb4 38. h4 Re8 39. f3 Rf8
40. Kf2 Rf6 41. Rc6 Rxc6 42. Nxc6+ Kc4 43. Ne5+ Kb4 44. Nd3+ Kc4 45. Ke2 d4 46.
Kd2 a5 47. Kc2 a4 48. Ne5+ Kb4 49. g4 g5 50. hxg5 h4 51. g6 h3 52. g7 h2 53.
Nd3+ Kb5 54. Nf2 Kb4 55. g8=Q Kc5 56. Qh8 Kd5 57. Qxh2 a3 58. bxa3 d3+ 59. Kxd3
Kc5 60. g5 Kd5 61. g6 Ke6 62. Qf4 Kd5 63. g7 Kc5 64. g8=R Kd5 65. Rd8+ Ke6 66.
Qe4+ Kf7 67. a4 Kf6 68. Rf8+ Kg7 69. Qe7+ Kg6 70. Qf7+ Kg5 71. Qg7+ Kh5 72.
Rh8# 1-0

[Event "DVM U14 2019"]
[Site "Magdeburg GER"]
[Date "2019.12.28"]
[Round "3"]
[White "Yin, Haode"]
[Black "Kalina, Lena"]
[Result "1-0"]
[Termination "normal"]
[Board "7.1"]
[WhiteElo "1747"]
[BlackElo "1571"]
[WhiteTeam "SchachAkademiePaderborn e. V."]
[BlackTeam "SC Landskrone"]
[PlyCount "101"]
[WhiteFideId "16261348"]
[BlackFideId "12988014"]
[EventCountry "GER"]
[EventRounds "7"]
[EventType "team-swiss"]
[EventDate "2019.12.26"]

1. d4 Nf6 2. Bf4 g6 3. Nc3 d5 4. e3 Bg7 5. h4 O-O 6. h5 Bf5 7. Be2 Nxh5 8. Bxh5
gxh5 9. Qxh5 Bg6 10. Qxd5 c6 11. Qxd8 Rxd8 12. O-O-O Na6 13. a3 Rac8 14. Nf3
Nc7 15. Nh4 Nd5 16. Nxd5 cxd5 17. Nxg6 hxg6 18. Rhe1 Rc4 19. Rd3 Rdc8 20. Re2
b5 21. Kb1 Kf8 22. f3 Ke8 23. c3 Kd7 24. e4 dxe4 25. fxe4 Rh8 26. Rh3 Rxh3 27.
gxh3 Rc8 28. Kc2 Rh8 29. Re3 Rh4 30. Bg5 Rh5 31. Rg3 Bh6 32. Bxh6 Rxh6 33. Kd3
Rh8 34. b3 Rb8 35. d5 e6 36. Kd4 Rc8 37. c4 exd5 38. exd5 bxc4 39. bxc4 Kd6 40.
Rf3 Rh8 41. c5+ Ke7 42. d6+ Ke6 43. Re3+ Kd7 44. Re7+ Kd8 45. Rxf7 Rh4+ 46. Kd5
Rxh3 47. Rxa7 Rd3+ 48. Kc6 Ke8 49. Ra8+ Kf7 50. d7 Ke7 51. Re8+ 1-0

[Event "DVM U14 2019"]
[Site "Magdeburg GER"]
[Date "2019.12.28"]
[Round "3"]
[White "Müller, Maurice-Pascal"]
[Black "Nourzad, Shayan"]
[Result "1/2-1/2"]
[Termination "normal"]
[Board "7.2"]
[WhiteElo "1673"]
[BlackElo "1782"]
[WhiteTeam "SC Landskrone"]
[BlackTeam "SchachAkademiePaderborn e. V."]
[PlyCount "131"]
[WhiteFideId "16243340"]
[BlackFideId "16274890"]
[EventCountry "GER"]
[EventRounds "7"]
[EventType "team-swiss"]
[EventDate "2019.12.26"]

1. e4 e6 2. d3 d5 3. Nd2 c5 4. g3 Bd6 5. Bg2 Ne7 6. Ngf3 Nbc6 7. O-O O-O 8. Re1
Qc7 9. Nf1 f6 10. c3 Bd7 11. Ne3 b5 12. exd5 exd5 13. Qb3 c4 14. dxc4 bxc4 15.
Qd1 Be6 16. Nd4 Nxd4 17. Qxd4 Be5 18. Qd1 Rad8 19. Nc2 Bf7 20. Be3 a5 21. Bd4
Rfe8 22. Qd2 Nc6 23. Be3 Ne7 24. Bd4 Kh8 25. Bh3 Ng6 26. Bg2 Qb7 27. Ne3 Qd7
28. Bb6 Bc7 29. Bxc7 Qxc7 30. Red1 Ne7 31. Qc2 Bg6 32. Qd2 Bd3 33. Bf1 Bxf1 34.
Rxf1 Qb7 35. Rab1 Qb6 36. Rfd1 h6 37. Qc2 Qc5 38. Rd2 Rd7 39. Rbd1 Red8 40. Nf5
Kg8 41. Nxe7+ Qxe7 42. Rd4 Qc5 43. R1d2 Kf7 44. Qd1 Qb5 45. Qh5+ Kg8 46. Qd1
Kf7 47. b3 cxb3 48. axb3 Rb7 49. b4 axb4 50. Rxb4 Qc6 51. Rxb7+ Qxb7 52. c4 d4
53. Rxd4 Rxd4 54. Qxd4 Qb1+ 55. Kg2 Qb7+ 56. Qd5+ Qxd5+ 57. cxd5 f5 58. f4 Ke7
59. Kf3 Kd6 60. g4 g6 61. h4 h5 62. gxh5 gxh5 63. Ke3 Kxd5 64. Kd3 Kc5 65. Kc3
Kd5 66. Kd3 1/2-1/2

[Event "DVM U14 2019"]
[Site "Magdeburg GER"]
[Date "2019.12.28"]
[Round "3"]
[White "Rohm, Linus"]
[Black "Behr, Julian"]
[Result "1/2-1/2"]
[Termination "normal"]
[Board "7.3"]
[WhiteElo "1525"]
[BlackElo "1645"]
[WhiteTeam "SchachAkademiePaderborn e. V."]
[BlackTeam "SC Landskrone"]
[PlyCount "97"]
[WhiteFideId "16298217"]
[BlackFideId "16255410"]
[EventCountry "GER"]
[EventRounds "7"]
[EventType "team-swiss"]
[EventDate "2019.12.26"]

1. d4 d5 2. Bf4 Nf6 3. e3 e6 4. c3 c5 5. Nd2 Nc6 6. Ngf3 Bd6 7. Bg3 O-O 8. Bd3
a6 9. a4 cxd4 10. exd4 Rb8 11. O-O Bxg3 12. hxg3 b5 13. axb5 axb5 14. b4 Qc7
15. Qe2 Na7 16. Ra5 Rb7 17. Rfa1 Bd7 18. Nb3 Nc6 19. R5a3 Ne7 20. Nc5 Rb6 21.
Ra7 Qc8 22. Ne5 Rd8 23. Ncxd7 Nxd7 24. Nxd7 Rxd7 25. Rxd7 Qxd7 26. Ra8+ Nc8 27.
Bxb5 Qc7 28. Ba6 Rb8 29. Rxb8 Qxb8 30. Qb5 Qxb5 31. Bxb5 Nb6 32. Kf1 f6 33. f4
Kf7 34. Ke2 Ke7 35. Kd3 Kd6 36. c4 dxc4+ 37. Bxc4 h6 38. b5 Nc8 39. Ke4 Ne7 40.
g4 Nc8 41. f5 e5 42. dxe5+ fxe5 43. g3 Nb6 44. Bb3 Nd7 45. Bd1 Nb6 46. Bb3 Nd7
47. Bd1 Nb6 48. Be2 Nd7 49. Bd1 1/2-1/2

[Event "DVM U14 2019"]
[Site "Magdeburg GER"]
[Date "2019.12.28"]
[Round "3"]
[White "Dittenberger, Nico"]
[Black "Gering, Jakob"]
[Result "1-0"]
[Termination "normal"]
[Board "7.4"]
[WhiteElo "1362"]
[BlackElo "1311"]
[WhiteTeam "SC Landskrone"]
[BlackTeam "SchachAkademiePaderborn e. V."]
[PlyCount "157"]
[WhiteFideId "12996254"]
[BlackFideId "16298225"]
[EventCountry "GER"]
[EventRounds "7"]
[EventType "team-swiss"]
[EventDate "2019.12.26"]

1. e4 d6 2. d4 g6 3. Nf3 Nf6 4. Nc3 c6 5. Bd3 Bg7 6. O-O O-O 7. Re1 Qc7 8. h3
Re8 9. Bg5 e5 10. d5 Nbd7 11. Bc4 h6 12. Be3 Nb6 13. Bb3 Bd7 14. Qd2 Kh7 15.
dxc6 Bxc6 16. Bxb6 axb6 17. Rad1 Red8 18. a3 Qe7 19. g4 Qd7 20. g5 Nh5 21. gxh6
Bxh6 22. Ng5+ Bxg5 23. Qxg5 Qxh3 24. Bxf7 Nf4 25. Re3 Qh5 26. Qxh5+ Nxh5 27.
Red3 Kg7 28. Bd5 Nf4 29. R3d2 Rh8 30. Bxc6 Nh3+ 31. Kf1 Nf4 32. Kg1 Nh3+ 33.
Kf1 Nf4 34. f3 Rh1+ 35. Kf2 Rh2+ 36. Kg1 Rxd2 37. Rxd2 bxc6 38. Rxd6 Rc8 39. a4
Kf7 40. Rd7+ Ke8 41. Rb7 Rd8 42. Rxb6 Rd2 43. Rxc6 Kd7 44. Rc5 Kd6 45. Rc4 Nh3+
46. Kf1 Rf2+ 47. Ke1 Rxf3 48. Nb5+ Ke6 49. Rc6+ Kf7 50. Nd6+ Ke7 51. Nc4 g5 52.
Rc7+ Kd8 53. Rd7+ Ke8 54. Rd3 Ng1 55. Rxf3 Nxf3+ 56. Kf2 Nd4 57. c3 Nc6 58. b4
Ke7 59. b5 Na7 60. Nxe5 Nc8 61. Kf3 Kd6 62. Nd3 Kc7 63. Kg4 Kb6 64. Kxg5 Kc7
65. e5 Kd7 66. Kf6 Ke8 67. a5 Ne7 68. b6 Nd5+ 69. Ke6 Nxc3 70. b7 Kf8 71. b8=Q+
Kg7 72. Qc7+ Kg6 73. Qxc3 Kg7 74. Qc7+ Kg6 75. Qf7+ Kg5 76. Qf4+ Kg6 77. Qg4+
Kh7 78. Kf6 Kh8 79. Qg7# 1-0

[Event "DVM U14 2019"]
[Site "Magdeburg GER"]
[Date "2019.12.28"]
[Round "3"]
[White "Schröter, Christopher"]
[Black "Günther, Fabian"]
[Result "1/2-1/2"]
[Termination "normal"]
[Board "8.1"]
[WhiteElo "1618"]
[BlackElo "1499"]
[WhiteTeam "1. Schachclub Anhalt"]
[BlackTeam "USV TU Dresden"]
[PlyCount "58"]
[WhiteFideId "16274970"]
[BlackFideId "16240294"]
[EventCountry "GER"]
[EventRounds "7"]
[EventType "team-swiss"]
[EventDate "2019.12.26"]

1. d4 d5 2. g3 e6 3. Bg2 Nf6 4. Nf3 Nbd7 5. Nbd2 c5 6. e3 b6 7. c4 Bb7 8. b3
Be7 9. O-O O-O 10. Bb2 Rc8 11. Rc1 cxd4 12. exd4 Rc6 13. Qe2 Qb8 14. Rc2 Rfc8
15. Rfc1 Qc7 16. Ne1 Qd8 17. Nd3 Qf8 18. Rc3 Ba3 19. Bxa3 Qxa3 20. Nb1 Qd6 21.
Ne5 R6c7 22. Nxd7 Qxd7 23. Qd2 Qd6 24. R3c2 dxc4 25. Bxb7 Rxb7 26. Rxc4 Rbc7
27. Rxc7 Rxc7 28. Rxc7 Qxc7 29. Qc3 Qxc3 1/2-1/2

[Event "DVM U14 2019"]
[Site "Magdeburg GER"]
[Date "2019.12.28"]
[Round "3"]
[White "Döge, Wolf-Peter"]
[Black "Rohde, Niclas"]
[Result "0-1"]
[Termination "normal"]
[Board "8.2"]
[WhiteElo "1530"]
[BlackElo "1609"]
[WhiteTeam "USV TU Dresden"]
[BlackTeam "1. Schachclub Anhalt"]
[PlyCount "50"]
[WhiteFideId "16281829"]
[BlackFideId "16230205"]
[EventCountry "GER"]
[EventRounds "7"]
[EventType "team-swiss"]
[EventDate "2019.12.26"]

1. e4 d6 2. d4 Nf6 3. Nc3 g6 4. Be3 Bg7 5. f3 O-O 6. Qd2 c6 7. Bh6 b5 8. Bxg7
Kxg7 9. g4 b4 10. Nce2 c5 11. h4 h5 12. gxh5 Nxh5 13. Nh3 e5 14. d5 Qxh4+ 15.
Nf2 Qf6 16. Ng4 Bxg4 17. fxg4 Nf4 18. Ng3 Nd7 19. O-O-O Nb6 20. Bb5 a6 21. Bxa6
Rxa6 22. Qh2 Qg5 23. Qh7+ Kf6 24. Rdf1 Ke7 25. Kb1 Nc4 0-1

[Event "DVM U14 2019"]
[Site "Magdeburg GER"]
[Date "2019.12.28"]
[Round "3"]
[White "Böhm, Florian"]
[Black "Andreas, Bruno"]
[Result "1-0"]
[Termination "normal"]
[Board "8.3"]
[WhiteElo "1445"]
[BlackElo "1447"]
[WhiteTeam "1. Schachclub Anhalt"]
[BlackTeam "USV TU Dresden"]
[PlyCount "65"]
[WhiteFideId "16274989"]
[BlackFideId "16274210"]
[EventCountry "GER"]
[EventRounds "7"]
[EventType "team-swiss"]
[EventDate "2019.12.26"]

1. c4 c5 2. g3 g6 3. Bg2 Bg7 4. Nc3 Nc6 5. Nf3 Nf6 6. O-O O-O 7. d3 d6 8. Rb1
a6 9. Bg5 h6 10. Bd2 Bg4 11. h3 Bd7 12. Qc1 Kh7 13. Ne1 Qc8 14. Kh2 Rb8 15. f4
Ne8 16. e3 f5 17. Nd5 e6 18. Nb6 Qc7 19. Nxd7 Qxd7 20. Bc3 Nb4 21. Bxg7 Nxa2
22. Qd2 Kxg7 23. d4 Nf6 24. Nc2 Ne4 25. Bxe4 fxe4 26. dxc5 a5 27. Qxa5 Ra8 28.
Qd2 Rfd8 29. Rfd1 d5 30. cxd5 exd5 31. Ra1 Kh7 32. Na3 d4 33. Rxa2 1-0

[Event "DVM U14 2019"]
[Site "Magdeburg GER"]
[Date "2019.12.28"]
[Round "3"]
[White "Posselt, Daniel"]
[Black "Lautenschläger, Friedrich"]
[Result "0-1"]
[Termination "normal"]
[Board "8.4"]
[WhiteElo "1289"]
[BlackElo "1519"]
[WhiteTeam "USV TU Dresden"]
[BlackTeam "1. Schachclub Anhalt"]
[PlyCount "72"]
[WhiteFideId "16298241"]
[BlackFideId "16274997"]
[EventCountry "GER"]
[EventRounds "7"]
[EventType "team-swiss"]
[EventDate "2019.12.26"]

1. e4 e5 2. Nf3 Nc6 3. Bc4 Bc5 4. c3 Nf6 5. d3 O-O 6. O-O d6 7. Bg5 Bg4 8. Nbd2
a6 9. b4 Ba7 10. a4 h6 11. Be3 Bxe3 12. fxe3 Ne7 13. h3 Be6 14. Qe2 Bxc4 15.
Nxc4 Ng6 16. d4 exd4 17. exd4 Nxe4 18. Qxe4 d5 19. Qd3 dxc4 20. Qxc4 Re8 21.
Rae1 Qd7 22. Ne5 Nxe5 23. dxe5 c6 24. Qd4 Qxd4+ 25. cxd4 Rad8 26. Rf4 f6 27.
Kf2 fxe5 28. dxe5 Rd5 29. e6 Rd6 30. Rfe4 g5 31. Kf3 Kg7 32. Kg4 Kf6 33. Rf1+
Kg6 34. Rf7 Rdxe6 35. Rxe6+ Rxe6 36. Rxb7 Re3 0-1

[Event "DVM U14 2019"]
[Site "Magdeburg GER"]
[Date "2019.12.28"]
[Round "3"]
[White "Kraftsik, Christian"]
[Black "Schuh, Ramon"]
[Result "1/2-1/2"]
[Termination "normal"]
[Board "9.1"]
[WhiteElo "1850"]
[BlackElo "1360"]
[WhiteTeam "Schach-Club Vaterstetten-Grasbrunn"]
[BlackTeam "FVS ASP Hoyerswerda"]
[PlyCount "54"]
[WhiteFideId "16242548"]
[BlackFideId "16215982"]
[EventCountry "GER"]
[EventRounds "7"]
[EventType "team-swiss"]
[EventDate "2019.12.26"]

1. d4 Nf6 2. c4 c5 3. d5 e6 4. Nc3 exd5 5. cxd5 Bd6 6. e3 O-O 7. Nf3 Re8 8. Qc2
Bc7 9. Bd3 d6 10. O-O a6 11. a4 Nbd7 12. h3 Rb8 13. e4 Nf8 14. Rb1 Ba5 15. Bf4
Ng6 16. Bh2 Qc7 17. Nd2 Bd7 18. Nc4 Ne5 19. Bxe5 dxe5 20. Na3 Rec8 21. b3 Bxc3
22. Qxc3 b5 23. Qd2 Ne8 24. Rfc1 Qb6 25. Qg5 f6 26. Qe3 Nd6 27. Qe2 Qa7 1/2-1/2

[Event "DVM U14 2019"]
[Site "Magdeburg GER"]
[Date "2019.12.28"]
[Round "3"]
[White "Friedrich, Eddie"]
[Black "Lerchl, Clemens"]
[Result "1/2-1/2"]
[Termination "normal"]
[Board "9.2"]
[WhiteElo "1507"]
[BlackElo "1743"]
[WhiteTeam "FVS ASP Hoyerswerda"]
[BlackTeam "Schach-Club Vaterstetten-Grasbrunn"]
[PlyCount "108"]
[WhiteFideId "16274946"]
[BlackFideId "16226372"]
[EventCountry "GER"]
[EventRounds "7"]
[EventType "team-swiss"]
[EventDate "2019.12.26"]

1. d4 Nf6 2. Nf3 g6 3. Bf4 Bg7 4. c4 d6 5. Nc3 O-O 6. e4 Nbd7 7. Be2 a5 8. O-O
c5 9. d5 Nb6 10. Qc2 Bd7 11. a4 Nc8 12. Rfe1 Ng4 13. h3 Ne5 14. Bxe5 dxe5 15.
Bd3 Qb6 16. Nd2 Nd6 17. Nf3 Kh8 18. b3 Rg8 19. Rab1 Qc7 20. Nb5 Bxb5 21. axb5
b6 22. Re2 Qd7 23. Rbe1 g5 24. g4 Bf6 25. Nh2 h5 26. f3 Rg7 27. Nf1 Rh7 28. Rh2
Kg7 29. Ree2 Rah8 30. Ne3 hxg4 31. hxg4 Qc8 32. Rxh7+ Rxh7 33. Rh2 Qh8 34.
Rxh7+ Qxh7 35. Qh2 Qh4 36. Ng2 Qxh2+ 37. Kxh2 e6 38. Ne3 Bd8 39. Kg3 Bc7 40.
Kf2 Nc8 41. Nd1 Ne7 42. Nc3 Ng6 43. Ne2 Kf6 44. Bc2 Bb8 45. Bd3 Nf4 46. Nxf4
exf4 47. Ke2 Ke5 48. Bc2 Kd4 49. Kd2 exd5 50. exd5 Ke5 51. Bf5 Kd4 52. Bc2 Ke5
53. Bf5 Bc7 54. Kd3 Bd8 1/2-1/2

[Event "DVM U14 2019"]
[Site "Magdeburg GER"]
[Date "2019.12.28"]
[Round "3"]
[White "Popovici, Liviu-Daniel"]
[Black "Lesnikowski, Maciej"]
[Result "1-0"]
[Termination "normal"]
[Board "9.3"]
[WhiteElo "1526"]
[BlackElo "1366"]
[WhiteTeam "Schach-Club Vaterstetten-Grasbrunn"]
[BlackTeam "FVS ASP Hoyerswerda"]
[PlyCount "75"]
[WhiteFideId "1253689"]
[BlackFideId "21038910"]
[EventCountry "GER"]
[EventRounds "7"]
[EventType "team-swiss"]
[EventDate "2019.12.26"]

1. e4 e5 2. Nf3 Nc6 3. Bc4 d6 4. Nc3 Be7 5. d3 Nf6 6. h3 h6 7. Be3 Be6 8. Bb3
Qd7 9. Qd2 a6 10. a3 O-O-O 11. O-O-O Bxb3 12. cxb3 d5 13. exd5 Nxd5 14. Rhe1
Nxe3 15. fxe3 Bf6 16. Kb1 Rhe8 17. e4 Qe6 18. Qc2 Rd6 19. Rd2 Red8 20. Red1 Na5
21. Ka2 Rb6 22. Nd5 Rc6 23. Nc3 Rcd6 24. Re2 Be7 25. Re3 R8d7 26. Rc1 Bd8 27.
Rd1 Rb6 28. d4 Nxb3 29. d5 Nc1+ 30. Rxc1 Qd6 31. Na4 Rb5 32. Rb3 Ra5 33. Nc5 b6
34. Nxd7 Qxd7 35. Nxe5 Qa4 36. Qc4 Qe8 37. Nc6 Rc5 38. Qxa6+ 1-0

[Event "DVM U14 2019"]
[Site "Magdeburg GER"]
[Date "2019.12.28"]
[Round "3"]
[White "Kittel, Lennart"]
[Black "Zwecker, Hagen"]
[Result "1-0"]
[Termination "normal"]
[Board "10.1"]
[WhiteElo "1493"]
[BlackElo "1480"]
[WhiteTeam "SF 1876 Göppingen"]
[BlackTeam "SV 1947 Walldorf"]
[PlyCount "89"]
[WhiteFideId "16254171"]
[BlackFideId "12991007"]
[EventCountry "GER"]
[EventRounds "7"]
[EventType "team-swiss"]
[EventDate "2019.12.26"]

1. d4 d5 2. c4 e6 3. Nc3 Nf6 4. Nf3 c6 5. e3 Bb4 6. Bd2 O-O 7. Bd3 Nbd7 8. a3
Bxc3 9. Bxc3 b6 10. Qc2 Ba6 11. b3 Re8 12. O-O b5 13. cxd5 cxd5 14. a4 Qb6 15.
a5 Qc7 16. Bb4 Qxc2 17. Bxc2 Rec8 18. Bd3 Nb8 19. Ne5 Ne4 20. Rac1 f6 21. Rxc8+
Bxc8 22. f3 Ng5 23. Rc1 Bb7 24. Rc7 fxe5 25. Rxb7 exd4 26. exd4 Nc6 27. Bc5
Nxa5 28. Rxb5 Nc6 29. b4 e5 30. dxe5 Nxe5 31. Bf5 Nc4 32. h4 Nf7 33. Be6 Nb6
34. Bxb6 axb6 35. Rxb6 Kf8 36. Bxd5 Ra1+ 37. Kh2 Ne5 38. Rb7 Rd1 39. Be6 Rd6
40. Bf5 h6 41. b5 Rd2 42. Kg3 Rb2 43. b6 Nc4 44. Rb8+ Ke7 45. b7 1-0

[Event "DVM U14 2019"]
[Site "Magdeburg GER"]
[Date "2019.12.28"]
[Round "3"]
[White "Kokowski, Kevin"]
[Black "Schedel, Loris"]
[Result "1-0"]
[Termination "normal"]
[Board "10.2"]
[WhiteElo "1627"]
[BlackElo "1369"]
[WhiteTeam "SV 1947 Walldorf"]
[BlackTeam "SF 1876 Göppingen"]
[PlyCount "61"]
[WhiteFideId "16256417"]
[BlackFideId "16255542"]
[EventCountry "GER"]
[EventRounds "7"]
[EventType "team-swiss"]
[EventDate "2019.12.26"]

1. e4 c5 2. Nc3 g6 3. d4 e6 4. Be3 Qb6 5. Nb5 a6 6. dxc5 Qa5+ 7. Bd2 Qd8 8.
Nd6+ Bxd6 9. cxd6 Qb6 10. Bc3 f6 11. Qf3 e5 12. Qd3 Nh6 13. Ne2 Nc6 14. h3 Nf7
15. f4 Qc5 16. O-O-O Nb4 17. Bxb4 Qxb4 18. Nc3 b5 19. Nd5 Qxd6 20. Qc3 O-O 21.
Nc7 b4 22. Qc4 Qb6 23. Nxa8 Qe3+ 24. Kb1 Bb7 25. Nc7 Rc8 26. Be2 Bxe4 27. Rxd7
Kh8 28. Qxf7 g5 29. Qxf6+ Kg8 30. Rg7+ Kh8 31. Rxg5# 1-0

[Event "DVM U14 2019"]
[Site "Magdeburg GER"]
[Date "2019.12.28"]
[Round "3"]
[White "Cilo, Selimhan"]
[Black "Färber, Sophie"]
[Result "0-1"]
[Termination "normal"]
[Board "10.3"]
[WhiteElo "1279"]
[BlackElo "1378"]
[WhiteTeam "SF 1876 Göppingen"]
[BlackTeam "SV 1947 Walldorf"]
[PlyCount "98"]
[WhiteFideId "16246756"]
[BlackFideId "16239121"]
[EventCountry "GER"]
[EventRounds "7"]
[EventType "team-swiss"]
[EventDate "2019.12.26"]

1. e4 c5 2. Nf3 Nc6 3. d4 cxd4 4. Nxd4 e5 5. Nb3 Nf6 6. Nc3 Bb4 7. Bd3 d5 8.
exd5 Nxd5 9. Bd2 Nxc3 10. Bxc3 Bxc3+ 11. bxc3 Qf6 12. Be4 b6 13. Qd5 Bd7 14.
O-O Rd8 15. Rad1 O-O 16. c4 Be8 17. Qb5 Rxd1 18. Rxd1 Nd4 19. Qa6 Ne2+ 20. Kf1
Nc3 21. Re1 Nxe4 22. Rxe4 Bc6 23. Re3 Qg6 24. Rg3 Qxc2 25. Ke1 Rd8 26. Nd4 Qe4+
27. Re3 Qxd4 28. Kf1 Qd1+ 29. Re1 Bxg2+ 30. Kxg2 Qxe1 31. Qb7 Qd2 32. Qe7 Qd7
33. Qg5 Qc6+ 34. f3 Qg6 35. h4 Qxg5+ 36. hxg5 Rd2+ 37. Kg3 Rxa2 38. f4 exf4+
39. Kxf4 Rc2 40. Ke4 Rxc4+ 41. Kd3 Rc8 42. Ke3 a5 43. Kf4 a4 44. Kg3 a3 45. Kg2
a2 46. Kg3 a1=Q 47. g6 Qa3+ 48. Kf4 Rc4+ 49. Kf5 Qc5# 0-1

[Event "DVM U14 2019"]
[Site "Magdeburg GER"]
[Date "2019.12.28"]
[Round "3"]
[White "Dang, Phuong Anh"]
[Black "Blazevic, Ksaver"]
[Result "1-0"]
[Termination "normal"]
[Board "10.4"]
[WhiteElo "1442"]
[BlackElo "1304"]
[WhiteTeam "SV 1947 Walldorf"]
[BlackTeam "SF 1876 Göppingen"]
[PlyCount "51"]
[WhiteFideId "16247353"]
[BlackFideId "16255534"]
[EventCountry "GER"]
[EventRounds "7"]
[EventType "team-swiss"]
[EventDate "2019.12.26"]

1. e4 c5 2. Nf3 a6 3. c3 Nc6 4. Bc4 e6 5. d3 d5 6. exd5 exd5 7. Bb3 Nf6 8. Be3
Be7 9. d4 cxd4 10. Nxd4 O-O 11. h3 Nxd4 12. Bxd4 Re8 13. O-O Be6 14. Qf3 Qd7
15. Rd1 Red8 16. Nd2 Qc6 17. Nf1 Rac8 18. Ne3 Ne4 19. Nf5 Rc7 20. Nxg7 f6 21.
Nxe6 Qxe6 22. Re1 f5 23. Rxe4 fxe4 24. Qg3+ Qg6 25. Qxc7 Bh4 26. Qxb7 1-0